Daňové znalosti - inšpirácie a inovácie

Pokračovanie príspevku z predchádzajúceho čísla. Daňové poradenstvo. Ilustračné príklady.

Gespeichert in:
Bibliographische Detailangaben
1. Verfasser: Burák, Emil
Format: Buchkapitel
Sprache:Slowakisch
Schlagworte:
Tags: Tag hinzufügen
Keine Tags, Fügen Sie das erste Tag hinzu!

MARC

LEADER 00000naa a2200000 4500
001 0257356
005 20190815080734.9
041 0 |a slo 
044 |a SK 
245 1 0 |a Daňové znalosti - inšpirácie a inovácie  |c Emil Burák 
520 |a Pokračovanie príspevku z predchádzajúceho čísla. Daňové poradenstvo. Ilustračné príklady. 
610 2 0 |a poradenstvo finančné 
610 2 0 |a podnik 
610 2 0 |a dane 
610 2 0 |a poradcovia daňoví 
100 1 |a Burák, Emil